000 00575nam a2200193Ia 4500
005 20250923145801.0
008 008 250917s9999 xx 000 0 eng d
037 _aTextual
040 _aDSWL
_beng
_cDSWL
041 _aeng
_2eng
084 _aY5927:4x2, N86
_qDSWL
245 0 _aUntouchable: voices of the Dalit Liberation moverments
_cEd. by B.R. Joshi
260 _aNew Delhi
_bSelection Book S. Sydingh
_c1986
300 _aix,166p.
365 _aINR
_b200.00
925 _g200.00
942 _cTEXL
_hY5927:4x2, N86
999 _c1455674
_d1455674